Juan Fernando Herrán : (Registro nro. 20335)

Detalles MARC
000 -CABECERA
Campo de control 01261cam a2200301 i 4500
005 - FECHA Y HORA DE LA ULTIMA TRANSACCION
Campo de control 20181019125003.0
008 - ELEMENTOS DE LONGITUD FIJA—INFORMACION GENERAL
Campo de control 170126t20162016ck ao r 000 0 spa d
020 ## - ISBN
ISBN 9789585862562 (Colección)
020 ## - ISBN
ISBN 9789585862586 (Cuerpo, territorio, poder)
040 ## - FUENTE DE CATALOGACIÓN
Agencia catalogadora original CO-BoPUJ
Agencia transcriptora CO-BoPUJ
Agencia Modificadora CO-BoIAVH
041 0# - IDIOMA
Código de idioma para texto/pista de sonido o título separado Español
044 ## - PAÍS DE PUBLICACIÓN
País de publicación Colombia
082 04 - NUMERO DE CLASIFICACION DECIMAL DEWEY
Número de clasificación 709.8
Número del ítem E18t2
245 00 - MENCION DE TITULO
Título Juan Fernando Herrán :
Parte restante del título cuerpo, territorio, poder
Mención de responsabilidad dirección editorial Josó Roca y Alejandro Martín
246 30 - FORMA VARIANTE DEL TITULO
Título propiamente dicho/forma breve del título Cuerpo, territorio, poder
250 ## - MENCION DE EDICION
Mención de edición Primera edición
260 ## - PUBLICACION, DISTRIBUCION, ETC. (PIE DE IMPRENTA)
Lugar de publicación, distribución, etc. Bogotá (Colombia) :
Nombre del editor, distribuidor, etc. Seguros Bolívar,
Fecha de publicación, distribución, etc. 2016.
300 ## - DESCRIPCION FISICA
Extensión 112 páginas :
Otros detalles físicos ilustraciones y fotografías ;
Dimensiones 29 x 25 cm
490 0# - MENCION DE SERIE
Mención de serie Colección de Arte Contemporáneo Seguros Bolívar
504 ## - NOTA DE BIBLIOGRAFIA, ETC.
Nota de bibliografía Incluye referencias bibliográficas.
600 14 - ASIENTO SECUNDARIO DE MATERIA - NOMBRE PERSONAL
Nombre persona Herrán Carreño, Juan Fernando
Fechas asociadas con el nombre 1963-
9 (RLIN) 101374
Subdivisión de forma Trabajos artísticos
Subdivisión general Exposiciones
650 24 - ASIENTO SECUNDARIO DE MATERIA - TERMINO TEMATICO
Término temático o nombre geográfico como elemento de entrada Arte colombiano
Subdivisión de forma Exposiciones
-- Catálogos
9 (RLIN) 101369
650 26 - ASIENTO SECUNDARIO DE MATERIA - TERMINO TEMATICO
Término temático o nombre geográfico como elemento de entrada Artistas plásticos colombianos
Subdivisión de forma Exposiciones
-- Catálogos
9 (RLIN) 101370
700 1# - ASIENTO SECUNDARIO - NOMBRE PERSONAL
Nombre personal Herrán Carreño, Juan Fernando
Fechas asociadas con el nombre 1963-
Término de relación ilustrador
9 (RLIN) 101374
700 1# - ASIENTO SECUNDARIO - NOMBRE PERSONAL
Nombre personal Roca, José Ignacio
Término de relación editor
9 (RLIN) 101371
700 1# - ASIENTO SECUNDARIO - NOMBRE PERSONAL
Nombre personal Martín, Alejandro
Término de relación editor
9 (RLIN) 101372
942 ## - ELEMENTOS ADICIONALES (KOHA)
Sistema de clasificación Dewey Decimal Classification
Tipo de ítem Libro
Existencias
Withdrawn status Lost status Sistema de Clasificación Damaged status No para préstamo Colección Inventariado Ubicación Permanente Ubicación actual Fecha de adquisición Total Checkouts Número topográfico Inventario / Código de Barras Date last seen Ejemplar Price effective from Forma de adquisición Tipo de material
    Dewey Decimal Classification     General Inventariado 2018 Bogotá Bogotá 19/10/2018   LB-709.8 E18t2 030351 19/10/2018 Ej. 1 19/10/2018 Donación Libro